|
|
|
|
| LEADER |
00000nas a2200000 a 4500 |
| 001 |
vtls009172165 |
| 003 |
SK-MaSNL |
| 005 |
20260228161113.0 |
| 008 |
080109cuuuu9999gw mr d 0 b0slo |
| 040 |
|
|
|a SNK
|b slo
|c SNK
|e AACR2
|
| 041 |
0 |
|
|a slo
|
| 043 |
|
|
|a e-gx---
|
| 044 |
|
|
|a de
|c DE
|
| 080 |
|
|
|a 050
|2 2001
|
| 080 |
|
|
|a (430)
|2 2001
|
| 080 |
|
|
|a (=162.4)
|2 2001
|
| 245 |
0 |
0 |
|a Naše interné informácie
|b čítame a píšeme pre vás
|
| 260 |
|
|
|a [Planegg
|b Július Boško]
|
| 300 |
|
|
|a zv.
|c 30 cm
|
| 310 |
|
|
|a 1x mesačne
|
| 500 |
|
|
|a Popis podľa: Roč. XIV, č. 88 (nov. 2004)
|
| 500 |
|
|
|a Tlačená verzia elektronického zdroja
|
| 500 |
|
|
|a Na webovej stránke Matice slovenskej v Martine dostupné od č. 2 (2004) vo formáte PDF
|
| 500 |
|
|
|a Od roč. XVI, č. 108 (júl 2006) po roč. XVI, č. 113 (dec. 2006) podnázov: čítame a píšeme pre vás : nezávislý kritický mesačník
|
| 500 |
|
|
|a Od roč. XVII, č. 114 (jan. 2007) podnázov: slovenský nezávislý mesačník : čítame a píšeme pre vás
|
| 650 |
0 |
7 |
|a Slováci v zahraničí
|2 SNKPH
|9 14695
|
| 651 |
|
7 |
|a Nemecko
|2 SNKPH
|9 21020
|
| 655 |
|
7 |
|a krajanské periodiká
|2 SNKPH
|9 110004
|
| 856 |
4 |
|
|a www.matica.sk
|
| 910 |
|
|
|a snk
|
| 999 |
|
|
|c 4333
|d 6263
|
| 952 |
|
|
|0 0
|1 0
|4 0
|7 0
|8 5
|a SNK
|b SNK
|d 2008-05-20
|i snk2008/10869
|l 0
|o snkČSB 5633/13/2003
|p 17A0582953
|r 2026-02-21 21:12:20
|t č. 1-12, neúplné
|w 2026-02-21
|y PREZ
|z Chýba č. 9
|
| 952 |
|
|
|0 0
|1 0
|4 0
|7 0
|8 5
|a SNK
|b SNK
|d 2008-05-20
|i snk2008/10872
|l 0
|o snkČSB 5633/14/2004
|p 17A0582952
|r 2026-02-21 21:12:20
|t č. 78-89
|w 2026-02-21
|y PREZ
|
| 952 |
|
|
|0 0
|1 0
|4 0
|7 0
|8 5
|a SNK
|b SNK
|d 2008-05-20
|i snk2008/10875
|l 0
|o snkČSB 5633/15/2005
|p 17A0582951
|r 2026-02-21 21:12:20
|t č. 90-100, neúplné
|w 2026-02-21
|y PREZ
|z Chýba č. 98,101
|
| 952 |
|
|
|0 0
|1 0
|4 0
|7 0
|8 5
|a SNK
|b SNK
|d 2008-05-20
|i snk2008/10876
|l 0
|o snkČSB 5633/16/2006
|p 17A0582950
|r 2026-02-21 21:12:20
|t č. 102-113
|w 2026-02-21
|y PREZ
|
| 952 |
|
|
|0 0
|1 0
|4 0
|7 0
|8 5
|a SNK
|b SNK
|d 2008-05-20
|i snk2008/10877
|l 0
|o snkČSB 5633/17/2007
|p 17A0582949
|r 2026-02-21 21:12:20
|t č. 114-125
|w 2026-02-21
|y PREZ
|
| 952 |
|
|
|0 0
|1 0
|4 0
|7 0
|8 5
|a SNK
|b SNK
|d 2008-05-20
|i snk2008/10868
|l 0
|o snkČSB 5633/12/2002
|p 17A0582954
|r 2026-02-21 21:42:43
|t č. 5,7,11,12, neúplné
|w 2026-02-21
|y PREZ
|z Chýba č. 1-4,8-10.
|
| 952 |
|
|
|0 0
|1 0
|4 0
|7 0
|8 2
|a SNK
|b SNK
|d 2016-04-25
|i snk2016/10618
|l 0
|o snkČSB 5633/18/2008
|p 17A1099089
|r 2026-02-21 22:16:35
|t č. 126-130, neúplné
|w 2026-02-21
|y PREZ
|z chýba č. 127
|